000 01298nam a22003497a 4500
003 CHAP
005 20220329143330.0
008 080902s2007 mx a r 00010 spa d
010 _a95081
011 _a96053
035 _a106692
040 _cCHAP
090 _aTesis
100 1 _aAguilar Tlatelpa, Martin.
_92863
245 1 0 _aEvaluación de enraizadores y polímeros hidrofílicos en el cultivo de trigo (Triticum aestivum L.) en Ocotlán, Jalisco
_c/por Martín Aguilar Tlatelpa
260 _aChapingo, Méx. :
_bEl autor,
_c2007
300 _aix, 90 h. :
_bilus. ; gráfs. ; cuadros ; mapas
502 _aTesis (Ing. Agr. Esp. en Fitotecnia) -- UACH. Departamento de Fitotecnia
590 _aALEPH
_b10
_c20130110
_lUCH01
_h1523
590 _aBATCH-UPD
_b10
_c20130110
_lUCH01
_h0825
590 _aBATCH-UPD
_b10
_c20130410
_lUCH01
_h0502
590 _aCONVERSION
_b10
_c20130109
_lUCH01
_h1353
650 1 4 _aCereales
_xRendimiento.
_921461
650 1 4 _aEnraizamiento.
_937013
650 1 4 _aHumus.
_956902
650 1 4 _aTrigo
_xJalisco.
_9115051
650 1 4 _aTrigo
_xRendimiento.
_9115092
901 _aBK
942 _cFOLL
949 _aTesis
_bBC
_cTES
_d33724002067702
_eTS1
_gDonaciØn
_h47986
_i106692
_sb
949 _aTesis
_bBC
_cTES
_d33724002067743
_eTS2
_fc.2
_gDonaciØn
_h47987
_i106692
_sb
999 _c95081
_d95081